| 000 | 004950000a22001930004500 | ||
|---|---|---|---|
| 001 | 000906 | ||
| 003 | MACL | ||
| 005 | 20150802131255.0 | ||
| 008 | 150802b xxu||||| |||| 00| 0 eng d | ||
| 040 |
_aMACL _cMACL |
||
| 041 | _aEnglish | ||
| 082 | _a376/CHA | ||
| 100 |
_aChatterji, Shoma A. _94339 |
||
| 245 |
_aIndian Women From Darkness To Light _cShoma A. Chatterji |
||
| 260 |
_aCalcutta _c2000 _bParumita Publications, |
||
| 350 | _a195 | ||
| 650 |
_a Education _94340 |
||
| 942 |
_k376 _cBK _2ddc |
||
| 999 |
_c904 _d904 |
||